ბათუმის შოთა რუსთაველის სახელმწიფო უნივერსიტეტის ბიბლიოთეკა

სოლომონ დოდაშვილი (ბიბ.ჩანაწერი № 42102)

000 -LEADER
fixed length control field 00762nam a2200217Ia 4500
001 - CONTROL NUMBER
control field 8793
003 - CONTROL NUMBER IDENTIFIER
control field GE_BSU
008 - FIXED-LENGTH DATA ELEMENTS--GENERAL INFORMATION
fixed length control field 181216s||||||||xx |||||||||||||| ||und||
040 ## - CATALOGING SOURCE
Transcribing agency GE_BSU
080 ## - UNIVERSAL DECIMAL CLASSIFICATION NUMBER
Universal Decimal Classification number 821.353.1–31
100 ## - MAIN ENTRY--PERSONAL NAME
Personal name კალანდაძე,ალექსანდრე
245 ## - TITLE STATEMENT
Title სოლომონ დოდაშვილი
245 ## - TITLE STATEMENT
Remainder of title შარავანდედი.რომანი
245 ## - TITLE STATEMENT
Statement of responsibility, etc. რედ.ნორა ქართველიშვილი.მხატვ:ჯ.ყავლაშვილი
260 ## - PUBLICATION, DISTRIBUTION, ETC.
Place of publication, distribution, etc. თბილისი
260 ## - PUBLICATION, DISTRIBUTION, ETC.
Name of publisher, distributor, etc. ნაკადული
260 ## - PUBLICATION, DISTRIBUTION, ETC.
Date of publication, distribution, etc. 1985
300 ## - PHYSICAL DESCRIPTION
Extent 511გვ.20სმ
653 ## - INDEX TERM--UNCONTROLLED
Uncontrolled term შარავანდედი.რომანი
942 ## - ADDED ENTRY ELEMENTS (KOHA)
Koha item type წიგნი
ეგზემპლარები
Withdrawn status Lost status Damaged status Not for loan Date acquired Barcode Date last seen Price effective from Koha item type
        2018-12-17 31223 2018-12-17 2018-12-17 წიგნი
        2018-12-17 31224 2018-12-17 2018-12-17 წიგნი
        2018-12-17 31225 2018-12-17 2018-12-17 წიგნი